000 00495cam a2200193ua 4500
001 11957
008 191205n ii |||gr||||Z||||||eng
020 _a9788178805474
040 _cMAIN
082 _a414
100 _aAastha Mathur,
_eAuthor.
245 _aPrinciple guide to stylish english
_cBy Aastha Mathur
250 _a1st ed.
260 _aNew Delhi:
_bRajat publications,
_c2012.
300 _a236p.
653 _aPhonology & phonetics
653 _aEnglish language
942 _cBK
999 _c10744
_d10744